| 000 | 00692nam a2200205Ii 4500 | ||
|---|---|---|---|
| 001 | 10823 | ||
| 003 | CO-ViMGA | ||
| 008 | 241108s9999||||xx |||||||||||||| ||und|| | ||
| 020 | _a9589381235 | ||
| 040 |
_aCO-ViMGA _bspa _erda _cCO-ViMGA |
||
| 041 | 0 | _aunk | |
| 082 | 0 | 4 | _a341.767-R286 |
| 245 | 1 | 0 |
_aReunión de Ministros de Cultura de Paises No Alineados [1: _b1997, Sep. 3-5 Medellín] |
| 264 | 1 | _a[Lugar de publicación no identificado] : Presidencia de la República: Ministerio de Cultura, 1997 | |
| 300 | _avolumen | ||
| 336 |
_atext _btxt _2rdacontent |
||
| 337 |
_aunmediated _bn _2rdamedia |
||
| 338 |
_avolume _bnc _2rdacarrier |
||
| 940 | _aidficha_siabuc: 10567. -- ficha_no_siabuc:10823 | ||
| 999 |
_c56618 _d56618 |
||